| 000 | 01096nam a22002297a 4500 | ||
|---|---|---|---|
| 005 | 20110801114628.0 | ||
| 010 | _aB-423718-719 | ||
| 020 |
_a9788173053696 _c595.00 |
||
| 035 | _aB-423718-719 | ||
| 037 | _bAllied Publishers | ||
| 082 | _a954.16 | ||
| 100 |
_aSmith, R.V. _932510 |
||
| 245 |
_aDelhi: _bhistorical glimpses / _cby R.V. Smith |
||
| 260 |
_aNew Delhi _bAryan Books International _c2010 |
||
| 270 |
_aPooja Apartments, 4B, Ansari Road, _bNew Delhi _e110002 |
||
| 300 |
_a1270p _c25cm(Hb) _bill. |
||
| 500 | _aincludes index | ||
| 942 |
_2ddc _cEN _mSMI _h954.16 |
||
| 999 |
_c54598 _d54598 |
||